English Football Clubs by Old Nicknames - Statistics

General Stats
  • This quiz has been taken 601 times
  • The average score is 5 of 12
Answer Stats
Nickname Club % Correct
The Filberts Leicester City
75%
The Pensioners Chelsea
73%
The Rokerites Sunderland
66%
The Throstles West Bromwich Albion
53%
The Peacocks Leeds United
44%
The Biscuitmen Reading
41%
The Paraders Bradford City
36%
The Cutlers Sheffield United
33%
The Dolphins Brighton & Hove Albion
24%
The Glaziers Crystal Palace
23%
The Colliers Barnsley
21%
The Colnesiders Huddersfield Town
6%
No matching quizzes found
Score Distribution
Percent of People with Each Score
Percentile by Number Answered
Your Score History
You have not taken this quiz